| 000 | 00735nam a2200277Ia 4500 | ||
|---|---|---|---|
| 001 | AUWbook002514 | ||
| 003 | BDCtgAUW | ||
| 005 | 20260406155214.0 | ||
| 008 | 220908s9999 xx 000 0 eng d | ||
| 020 | _a0679421904 | ||
| 040 |
_aBDCtgAUW _cBDCtgAUW |
||
| 050 | _aHD9200.U54H473 | ||
| 100 | 1 |
_aBremmer, Joel Glenn, _eauthor. |
|
| 245 | 0 |
_aThe emperors of chocolate : _binside the secret world of hershey and mars / |
|
| 260 |
_aNew York : _bRandom House, _c1999. |
||
| 300 | _axiv, 366 pages. | ||
| 650 | 0 | _aChocolate industry. | |
| 650 | 0 | _ahistory. | |
| 650 | 0 | _aMarketing. | |
| 650 | 0 | _aSocial Science. | |
| 651 | 0 | _aUnited States. | |
| 887 |
_a BRAC _22982 |
||
| 888 | _22982 | ||
| 942 |
_cBK _00 _2lcc |
||
| 945 | _cBK | ||
| 999 |
_c18052 _d18052 |
||